Diccionario de banca y bolsa / dirección y prólogo de Lucas Beltrán ; con la colaboración de A. Álvarez ... [et al.]
Descripción Física:
XXIV, 1303 p. ; 24 cm
MARC
| LEADER | 00000nam a2200000Ia 4500 | ||
|---|---|---|---|
| 001 | 1809 | ||
| 008 | 160829s1969 xx 000 0 cat d | ||
| 080 | |a M-2-58 | ||
| 245 | |a Diccionario de banca y bolsa / dirección y prólogo de Lucas Beltrán ; con la colaboración de A. Álvarez ... [et al.] | ||
| 260 | |a Barcelona : |b Labor, |c 1969 | ||
| 300 | |a XXIV, 1303 p. ; |c 24 cm | ||
| 650 | |a Bancs |x Diccionaris |x Castellà |9 26410 | ||
| 650 | |a Borsa de valors |x Diccionaris |x Castellà |9 26411 | ||
| 700 | 1 | |a Beltrán Flórez, Lucas, |d 1911-1997 |e director editorial, autor del pròleg |9 35134 | |
| 700 | |a Álvarez, A. |9 26413 |e autor | ||
| 901 | |a Arxiu | ||
| 942 | |n 1 |2 udc | ||
| 952 | |0 0 |1 0 |4 0 |6 M258 |7 1 |9 43979 |a Arxiu |b Arxiu |d 2016-12-01 |l 0 |o M-2-58 |p 1809 |r 2016-12-01 00:00:00 |w 2016-12-01 |y ARXIU | ||
| 999 | |c 46559 |d 46559 | ||